Estudios de teoría literaria como experiencia vital: homenaje al profesor José Antonio Hernández Guerrero

Guardat en:
Dades bibliogràfiques
Autors principals: Morales Sánchez, Isabel (autora), Coca Ramírez, Fátima (Autor)
Format: Llibre
Idioma:espanyol
Publicat: Cádiz Universidad de Cádiz 2008
Edició:1a. ed
Matèries:
Etiquetes: Afegir etiqueta
Sense etiquetes, Sigues el primer a etiquetar aquest registre!

MARC

LEADER 00000nam a2200000 a 4500
001 UCH8630
003 CL-VaPUC
008 091203e20080000SP |||||||||||||||||spa|d
020 |a 9788498282139 
082 0 4 |a 860.9  |b MOR  |2 21 
100 |a Morales Sánchez, Isabel  |e autora  |9 545317 
700 0 |a Coca Ramírez, Fátima  |e author  |9 545318 
245 1 0 |a Estudios de teoría literaria como experiencia vital: homenaje al profesor José Antonio Hernández Guerrero 
250 |a 1a. ed 
300 |a 462 p 
942 |c BK 
945 |d 20091203 00:00:00  |a rbrito 
260 |a Cádiz  |b Universidad de Cádiz  |c 2008 
600 0 7 |a HERNANDEZ GUERRERO, JOSE ANTONIO  |2 CL-VaPUC  |9 545319 
650 0 |a Literatura española  |9 306261 
650 0 |a Crítica literaria   |9 269189 
650 0 |a Teoría literaria  |9 342621 
650 0 |a Poesía española  |9 264938 
650 7 |a NOVELA ESPAÑOLA  |2 CL-VaPUC  |9 313139 
583 |a last modification  |c 20091203 00:00:00  |k Rodrigo Vera 
999 |c 338840  |d 338838 
952 |0 0  |1 0  |4 0  |6 860_900000000000000_MOR_2008  |7 0  |8 A  |9 431983  |a FDOPOS  |b FDOPOS  |d 2019-11-22  |i 4621662  |o 860.9 MOR 2008  |p 4621662  |r 2025-01-22  |w 2019-11-22  |y BK  |k DLH